Úprava základu dane o neuhradené záväzky od roku 2014

V oblasti úpravy základu dane o položky, ktoré priamo súvisia so vznikom dodávateľsko-odberateľských vzťahov medzi podnikateľskými subjektmi, pozná zákon č. 595/2003 Z. z. o dani z príjmov v z. n. p. dve základné úpravy u daňovníka účtujúceho v podvojnom účtovníctve a vykazujúceho výsledok hospodár...

Descrizione completa

Salvato in:
Dettagli Bibliografici
Autore principale: Horniaček, Peter
Natura: Capitolo di libro
Lingua:slovacco
Soggetti:
Tags: Aggiungi Tag
Nessun Tag, puoi essere il primo ad aggiungerne!!

MARC

LEADER 00000naa a2200000 4500
001 0185545
005 20231208090403.8
041 0 |a slo 
044 |a SK 
245 1 0 |a Úprava základu dane o neuhradené záväzky od roku 2014  |c Peter Horniaček 
520 |a V oblasti úpravy základu dane o položky, ktoré priamo súvisia so vznikom dodávateľsko-odberateľských vzťahov medzi podnikateľskými subjektmi, pozná zákon č. 595/2003 Z. z. o dani z príjmov v z. n. p. dve základné úpravy u daňovníka účtujúceho v podvojnom účtovníctve a vykazujúceho výsledok hospodárenia podľa medzinárodných účtovných štandardov. 
610 2 0 |a základ dane 
610 2 0 |a záväzky 
610 2 0 |a vzťahy dodávateľsko-odberateľské 
610 2 0 |a štandardy účtovné medzinárodné 
100 1 |a Horniaček, Peter